Visualizzazione normale
Vista MARC
- COMICO
di Topical Term
Records bibliografici associati: 1
001 - CONTROL NUMBER
- control field: 49610
003 - CONTROL NUMBER IDENTIFIER
- control field: IT-RoPau
005 - DATE AND TIME OF LATEST TRANSACTION
- control field: 20151202093130.0
008 - FIXED-LENGTH DATA ELEMENTS
- fixed length control field: 151202|| aca||aabn | a|a d
040 ## - CATALOGING SOURCE
- Original cataloging agency: IT-RoPau
- Transcribing agency: IT-RoPau
150 ## - HEADING--TOPICAL TERM
- Topical term or geographic name entry element: COMICO
- : PELLICOLE CINEMA [16 MM]
- General subdivision: Codice MATERIA SPICS: 9955
670 ## - SOURCE DATA FOUND
- Source citation: Work cat.: (IT-RoPau)106949: Chaplin Charlie (Charlot) Codice regista SPICS: 8134 49608, ALLEGRO MONDO DI CHARLOT (L') ALLEGRO MONDO DI CHARLOT (L') (Rif. Codice opera principale : V0898)